[Event "Titled Tuesday intern op 16th Apr Early"]
[Site "Chess.com INT"]
[Date "2024.04.16"]
[Round "4"]
[White "Perez Leiva, Jerzy Jesus"]
[Black "Paiva, Henrique MA Alberg"]
[Result "1-0"]
[WhiteElo "2357"]
[BlackElo "2064"]
[PlyCount "61"]
[EventDate "2024.04.16"]
[EventType "swiss (blitz)"]
[EventRounds "11"]
[EventCountry "USA"]
[SourceTitle "CB17_2024"]
[SourceDate "2024.04.24"]
[SourceVersion "1"]
[SourceVersionDate "2024.04.24"]
[SourceQuality "1"]

1. e4 c5 2. Nf3 d6 3. d4 cxd4 4. Nxd4 Nf6 5. Nc3 Nc6 6. Bg5 e6 7. Qd2 a6 8. 0-0-0 h6 9. Be3 Bd7 10. f3 Rc8 11. Kb1 b5 12. Nxc6 Bxc6 13. Ne2 Qc7 14. g4 d5 15. e5 Nd7 16. f4 Bc5 17. Nd4 Bb7 18. Rg1 g5 19. f5 Nxe5 20. fxe6 Bxd4 21. Bxd4 Nf3 22. exf7+ Kxf7 23. Qf2 Qf4 24. Bxh8 Nxg1 25. Qxg1 Rxh8 26. Bxb5 Kg7 27. Rf1 Qd2 28. Bd3 Re8 29. a3 Re3 30. Rd1 Qa5 31. Qxe3 1-0

[Event "Titled Tuesday intern op 16th Apr Early"]
[Site "Chess.com INT"]
[Date "2024.04.16"]
[Round "2"]
[White "Perez Leiva, Jerzy Jesus"]
[Black "Rustemov, Alexander"]
[Result "0-1"]
[WhiteElo "2357"]
[BlackElo "2525"]
[PlyCount "120"]
[EventDate "2024.04.16"]
[EventType "swiss (blitz)"]
[EventRounds "11"]
[EventCountry "USA"]
[SourceTitle "CB17_2024"]
[SourceDate "2024.04.24"]
[SourceVersion "1"]
[SourceVersionDate "2024.04.24"]
[SourceQuality "1"]

1. d4 g6 2. e4 Bg7 3. Nf3 d6 4. c3 Nc6 5. h3 e5 6. Bb5 Bd7 7. 0-0 a6 8. Bd3 Nf6 9. Re1 0-0 10. Na3 Re8 11. dxe5 Nxe5 12. Nxe5 Rxe5 13. Nc4 Re6 14. Bg5 h6 15. Bh4 Bb5 16. a4 Bc6 17. Qc2 Qe7 18. Nd2 Re8 19. f3 d5 20. exd5 Bxd5 21. Ne4 Bxe4 22. Rxe4 Rxe4 23. Bxe4 g5 24. Bg3 Nxe4 25. fxe4 Be5 26. Bxe5 Qxe5 27. Rd1 Qxe4 28. Qxe4 Rxe4 29. Rd7 Rxa4 30. Rxc7 b5 31. b4 Kg7 32. Kf2 h5 33. Rc6 f6 34. Kf3 h4 35. g3 hxg3 36. Kxg3 Kg6 37. h4 gxh4+ 38. Kxh4 Kf5 39. Kh5 Ra1 40. Rc5+ Ke4 41. Kg6 Rf1 42. Rc6 f5 43. Rxa6 f4 44. Re6+ Kd3 45. Kg5 Kxc3 46. Re4 f3 47. Kf4 f2 48. Re2 Kxb4 49. Kf3 Kc3 50. Re3+ Kd4 51. Re4+ Kd5 52. Re8 b4 53. Rd8+ Kc4 54. Rc8+ Kb3 55. Ke2 Re1+ 56. Kxf2 Re7 57. Rd8 Kc3 58. Rc8+ Kb2 59. Rc4 b3 60. Kf3 Kb1 0-1

[Event "CUB-ch 60th"]
[Site "Holguin"]
[Date "2024.02.09"]
[Round "5"]
[White "Perez Leiva, Jerzy Jesus"]
[Black "Borges Matos, Juan R"]
[Result "1/2-1/2"]
[WhiteElo "2369"]
[BlackElo "2371"]
[PlyCount "30"]
[EventDate "2024.02.05"]
[EventType "swiss"]
[EventRounds "10"]
[EventCountry "CUB"]
[SourceTitle "CB10_2024"]
[SourceDate "2024.03.06"]
[SourceVersion "1"]
[SourceVersionDate "2024.03.06"]
[SourceQuality "1"]

1. e4 c6 2. d4 d5 3. exd5 cxd5 4. Bd3 Nf6 5. h3 g6 6. c3 Bf5 7. Bxf5 gxf5 8. Bf4 Rg8 9. Na3 Nc6 10. Qb3 Qd7 11. Kf1 e6 12. Ne2 Bd6 13. Bxd6 Qxd6 14. Nb5 Qb8 15. f3 a6 1/2-1/2

[Event "CUB-ch 59th"]
[Site "Holguin"]
[Date "2023.02.08"]
[Round "7"]
[White "Perez Leiva, Jerzy Jesus"]
[Black "Espinosa Veloz, Ermes"]
[Result "1/2-1/2"]
[WhiteElo "2393"]
[BlackElo "2500"]
[PlyCount "104"]
[EventDate "2023.02.02"]
[EventType "tourn"]
[EventRounds "11"]
[EventCountry "CUB"]
[EventCategory "10"]
[SourceTitle "CBM 212 Extra"]
[Source "ChessBase"]
[SourceDate "2023.03.31"]
[SourceVersion "1"]
[SourceVersionDate "2023.03.31"]
[SourceQuality "1"]

1. d4 e6 2. c4 f5 3. Nf3 Nf6 4. g3 d5 5. Bg2 c6 6. 0-0 Bd6 7. b3 Qe7 8. Bb2 0-0 9. Qc1 b6 10. Ba3 Nbd7 11. Bxd6 Qxd6 12. a4 a5 13. Qa3 c5 14. Nc3 Bb7 15. Rad1 Rad8 16. Nb5 Qb8 17. Qb2 Ne4 18. e3 Bc6 19. Ne5 Nxe5 20. dxe5 Bxb5 21. axb5 dxc4 22. bxc4 Rxd1 23. Rxd1 Rd8 24. Qc2 Ng5 25. f4 Nf7 26. Kf2 Rxd1 27. Qxd1 Qa7 28. Qa4 g5 29. Ke1 Kg7 30. Bf3 Kg6 31. Kd2 Qd7+ 32. Kc3 gxf4 33. gxf4 Nh6 34. Qc2 Kf7 35. Qg2 Kf8 36. Bh5 Qc8 37. Qg5 Ng8 38. Qg2 Qd8 39. Qb7 Ne7 40. Qa7 Kg7 41. Kc2 Kh6 42. Bf7 Ng6 43. Bxe6 Qh4 44. Qxb6 Qf2+ 45. Kd3 a4 46. Qa7 a3 47. Bg8 Qf1+ 48. Kd2 Qg2+ 49. Ke1 Qh1+ 50. Kd2 Qg2+ 51. Ke1 Qg1+ 52. Kd2 Qg2+ 1/2-1/2

[Event "CUB-ch 59th"]
[Site "Holguin"]
[Date "2023.02.02"]
[Round "1"]
[White "Perez Leiva, Jerzy Jesus"]
[Black "Miranda Mesa, Elier"]
[Result "0-1"]
[WhiteElo "2393"]
[BlackElo "2486"]
[PlyCount "94"]
[EventDate "2023.02.02"]
[EventType "tourn"]
[EventRounds "11"]
[EventCountry "CUB"]
[EventCategory "10"]
[SourceTitle "CBM 212 Extra"]
[Source "ChessBase"]
[SourceDate "2023.03.31"]
[SourceVersion "1"]
[SourceVersionDate "2023.03.31"]
[SourceQuality "1"]

1. e4 c6 2. d4 d5 3. Nc3 dxe4 4. Nxe4 Bf5 5. Ng3 Bg6 6. h4 h6 7. Nf3 e6 8. Ne5 Bh7 9. Bd3 Bxd3 10. Qxd3 Nd7 11. Qe2 Ngf6 12. Bd2 c5 13. Nf5 Qc7 14. Nxd7 Kxd7 15. Ne3 cxd4 16. 0-0-0 Ke8 17. Ng4 Nd5 18. Rhe1 Rc8 19. Qb5+ Qc6 20. Qb3 Bd6 21. h5 Qc4 22. Qxc4 Rxc4 23. Re4 Ke7 24. b3 Rc6 25. Rxd4 Rhc8 26. c4 b5 27. Ne3 Nxe3 28. Bxe3 bxc4 29. b4 Bxb4 30. Rd7+ Ke8 31. Rxa7 R6c7 32. Ra4 Be7 33. Kc2 Rb7 34. Bd4 f6 35. f4 Rb5 36. Re1 Rc6 37. g4 f5 38. g5 hxg5 39. Bxg7 c3 40. h6 Rb2+ 41. Kc1 Rh2 42. Re3 gxf4 43. Rxc3 Rxc3+ 44. Bxc3 f3 45. Ra8+ Kf7 46. Bd4 e5 47. h7 Rxh7 0-1

[Event "Titled Tuesday intern op 20th Dec Early"]
[Site "Chess.com INT"]
[Date "2022.12.20"]
[Round "1"]
[White "Perez Leiva, Jerzy Jesus"]
[Black "Ghosh, Chanchal Kumer"]
[Result "1-0"]
[WhiteElo "2388"]
[BlackElo "2055"]
[PlyCount "68"]
[EventDate "2022.12.20"]
[EventType "swiss (blitz)"]
[EventRounds "11"]
[EventCountry "USA"]
[SourceTitle "EXT 2024"]
[Source "ChessBase"]
[SourceDate "2023.10.10"]
[SourceVersion "1"]
[SourceVersionDate "2023.10.10"]
[SourceQuality "1"]

1. e4 c5 2. Nf3 d6 3. d4 cxd4 4. Nxd4 Nf6 5. Nc3 a6 6. Bg5 e5 7. Nf5 Bxf5 8. exf5 Be7 9. Bxf6 Bxf6 10. Bc4 Nd7 11. 0-0 Nb6 12. Bb3 0-0 13. Qf3 Qc7 14. Rad1 Rad8 15. Rd3 Kh8 16. Rfd1 g6 17. Ne4 Qe7 18. Nxd6 Kg7 19. Ne4 Rxd3 20. Rxd3 Rd8 21. g4 h6 22. fxg6 Rxd3 23. cxd3 fxg6 24. Nxf6 Qxf6 25. Qxb7+ Kf8 26. Qxa6 Qc6 27. a4 h5 28. a5 Qc1+ 29. Kg2 Nd7 30. Qd6+ Ke8 31. Qxg6+ Kd8 32. Qg8+ Kc7 33. Qc4+ Kd8 34. Qxc1 Ke7 1-0

[Event "Titled Tuesday intern op 06th Dec Late"]
[Site "Chess.com INT"]
[Date "2022.12.06"]
[Round "3"]
[White "Shohat, Yotam"]
[Black "Perez Leiva, Jerzy Jesus"]
[Result "1-0"]
[WhiteElo "2294"]
[BlackElo "2388"]
[PlyCount "109"]
[EventDate "2022.12.06"]
[EventType "swiss (blitz)"]
[EventRounds "11"]
[EventCountry "USA"]
[SourceTitle "CBM 211 Extra"]
[Source "ChessBase"]
[SourceDate "2023.01.31"]
[SourceVersion "1"]
[SourceVersionDate "2023.01.31"]
[SourceQuality "1"]

1. e4 c5 2. Nf3 d6 3. d4 cxd4 4. Nxd4 Nf6 5. Nc3 a6 6. Be3 e6 7. f3 Nbd7 8. a4 Be7 9. g4 h6 10. Qd2 Qc7 11. h4 Ne5 12. 0-0-0 Nfd7 13. Be2 b5 14. axb5 Nc4 15. Bxc4 Qxc4 16. b3 Qc7 17. Nc6 Bf6 18. Bd4 axb5 19. Bxf6 Qxc6 20. Bxg7 Rg8 21. Bxh6 Qc5 22. Nb1 Ra1 23. Qxd6 Qxd6 24. Rxd6 f6 25. Kb2 Ra7 26. Rxe6+ Kf7 27. Rd6 Ne5 28. Rf1 Rh8 29. g5 Bh3 30. Rxf6+ Ke7 31. Rd1 Rc8 32. Nc3 Be6 33. Nd5+ Bxd5 34. Rxd5 Nc6 35. c3 b4 36. c4 Rca8 37. Rxc6 Ra1 38. Kc2 R8a2+ 39. Kd3 Re1 40. Kd4 Ra5 41. Rxa5 Rd1+ 42. Ke5 Rd7 43. Re6+ Kf7 44. Rf6+ Ke7 45. Bf8+ Ke8 46. Ra8+ Rd8 47. Rxd8+ Kxd8 48. Bxb4 Ke8 49. Bc3 Kd7 50. h5 Ke7 51. h6 Ke8 52. Ke6 Kd8 53. Rf7 Ke8 54. h7 Kd8 55. h8Q# 1-0

[Event "Titled Tuesday intern op 02nd Aug Late"]
[Site "Chess.com INT"]
[Date "2022.08.02"]
[Round "10"]
[White "Perez Leiva, Jerzy Jesus"]
[Black "Maksimovic, Bojan"]
[Result "0-1"]
[WhiteElo "2389"]
[BlackElo "2465"]
[PlyCount "142"]
[EventDate "2022.08.02"]
[EventType "swiss (blitz)"]
[EventRounds "11"]
[EventCountry "USA"]
[SourceTitle "EXT 2023"]
[Source "ChessBase"]
[SourceDate "2022.10.05"]
[SourceVersion "1"]
[SourceVersionDate "2022.10.05"]
[SourceQuality "1"]

1. e4 e5 2. Nf3 Nc6 3. Bc4 Nf6 4. d3 Be7 5. 0-0 0-0 6. Re1 d6 7. a4 Na5 8. Ba2 c5 9. Nbd2 h6 10. Nf1 Be6 11. Ne3 Nc6 12. c3 Bxa2 13. Rxa2 d5 14. exd5 Nxd5 15. Nc4 f6 16. a5 Qd7 17. Qb3 Kh8 18. Nh4 Rfe8 19. Bd2 Bf8 20. Raa1 Rad8 21. Qc2 Nde7 22. Re3 Nf5 23. Nxf5 Qxf5 24. Rf3 Qe6 25. Re1 Rd7 26. h3 Red8 27. Ree3 Ne7 28. Re4 Qc6 29. Rh4 Ng8 30. Rg3 b5 31. axb6 axb6 32. Qc1 Rxd3 33. Rxd3 Rxd3 34. Be3 b5 35. Nd2 Qd7 36. Kh2 f5 37. Nf3 e4 38. Ne5 Bd6 39. Bf4 Bxe5 40. Bxe5 Kh7 41. Qf4 Qe6 42. g4 Ne7 43. gxf5 Qxf5 44. Qxf5+ Nxf5 45. Rxe4 Rd2 46. Rf4 Kg6 47. Rg4+ Kf7 48. Rf4 Ke6 49. Bc7 Rxb2 50. Re4+ Kd7 51. Bg3 Nxg3 52. Kxg3 Rb3 53. Re3 b4 54. Kf3 Rxc3 55. Rxc3 bxc3 56. Ke3 Kd6 57. Kd3 Kd5 58. Kxc3 g5 59. Kd3 c4+ 60. Kc3 Kc5 61. f3 Kd5 62. Kc2 Kd4 63. Kd2 c3+ 64. Ke2 Ke5 65. Kd3 Kf4 66. Kxc3 Kxf3 67. Kd3 Kg3 68. h4 gxh4 69. Ke2 Kg2 70. Ke1 h3 71. Ke2 h2 0-1

[Event "Titled Tuesday intern op 02nd Aug Late"]
[Site "Chess.com INT"]
[Date "2022.08.02"]
[Round "7"]
[White "Perez Leiva, Jerzy Jesus"]
[Black "Solon, Nathan"]
[Result "1-0"]
[WhiteElo "2389"]
[BlackElo "2306"]
[PlyCount "61"]
[EventDate "2022.08.02"]
[EventType "swiss (blitz)"]
[EventRounds "11"]
[EventCountry "USA"]
[SourceTitle "EXT 2023"]
[Source "ChessBase"]
[SourceDate "2022.10.05"]
[SourceVersion "1"]
[SourceVersionDate "2022.10.05"]
[SourceQuality "1"]

1. d4 d5 2. Nf3 Nf6 3. g3 e6 4. Bg2 c5 5. 0-0 Nc6 6. c4 dxc4 7. dxc5 Qxd1 8. Rxd1 Bxc5 9. Nbd2 c3 10. bxc3 0-0 11. Nb3 Be7 12. Nfd4 Nxd4 13. Nxd4 Nd5 14. Bb2 Bd7 15. a4 Rac8 16. Nf5 Bf6 17. Bxd5 exd5 18. Nd6 Rc6 19. Rxd5 Be6 20. Rd3 b6 21. a5 h5 22. axb6 axb6 23. f4 Be7 24. Rad1 Ra8 25. f5 Bb3 26. R1d2 Ra2 27. Ne4 Ra4 28. c4 Bxc4 29. Rd8+ Kh7 30. R8d7 Bb3 31. Rxe7 1-0

[Event "Titled Tuesday intern op 26th Jul Late"]
[Site "Chess.com INT"]
[Date "2022.07.26"]
[Round "1"]
[White "Suleymanli, Aydin Elshan"]
[Black "Perez Leiva, Jerzy Jesus"]
[Result "1-0"]
[WhiteElo "2541"]
[BlackElo "2389"]
[PlyCount "75"]
[EventDate "2022.07.26"]
[EventType "swiss (blitz)"]
[EventRounds "11"]
[EventCountry "USA"]
[SourceTitle "EXT 2023"]
[Source "ChessBase"]
[SourceDate "2022.10.05"]
[SourceVersion "1"]
[SourceVersionDate "2022.10.05"]
[SourceQuality "1"]

1. e4 e5 2. Nf3 Nc6 3. Bc4 Bc5 4. d3 Nf6 5. 0-0 d6 6. c3 a6 7. a4 0-0 8. b4 Ba7 9. Nbd2 Ne7 10. Re1 Ng6 11. Nf1 h6 12. Be3 Bxe3 13. Nxe3 c6 14. Bb3 a5 15. b5 Re8 16. g3 Qc7 17. Rc1 Bd7 18. c4 Rad8 19. h4 Bc8 20. Qd2 Nf8 21. c5 dxc5 22. bxc6 b6 23. Qc3 Be6 24. Bc4 Bxc4 25. Nxc4 Ne6 26. Rb1 Rb8 27. Qxe5 Qxc6 28. Qa1 Ng4 29. Rb3 Qc7 30. Reb1 Nd8 31. Nxb6 Qc6 32. Nd5 Rxb3 33. Rxb3 Qg6 34. Rb6 Ne6 35. Ne5 Qh5 36. Nd7 Rd8 37. Nf4 Rf8 38. Nxh5 1-0

[Event "Titled Tuesday intern op 19th Jul Early"]
[Site "Chess.com INT"]
[Date "2022.07.19"]
[Round "1"]
[White "Matinian, Nikita"]
[Black "Perez Leiva, Jerzy Jesus"]
[Result "0-1"]
[WhiteElo "2435"]
[BlackElo "2389"]
[PlyCount "70"]
[EventDate "2022.07.19"]
[EventType "swiss (blitz)"]
[EventRounds "11"]
[EventCountry "USA"]
[SourceTitle "EXT 2023"]
[Source "ChessBase"]
[SourceDate "2022.10.05"]
[SourceVersion "1"]
[SourceVersionDate "2022.10.05"]
[SourceQuality "1"]

1. d4 Nf6 2. c4 e6 3. Nc3 Bb4 4. e3 0-0 5. Bd3 d5 6. Nf3 c5 7. 0-0 dxc4 8. Bxc4 Nc6 9. a3 Ba5 10. dxc5 Bxc3 11. bxc3 Qa5 12. a4 Rd8 13. Qb3 Qxc5 14. Ba3 Qh5 15. Bb5 e5 16. Bxc6 bxc6 17. Be7 Be6 18. Qa3 Rd7 19. Bxf6 gxf6 20. Qc5 Rc8 21. h3 Qg6 22. Kh2 Kg7 23. Nh4 Qg5 24. Nf3 Qg6 25. Rad1 Rb7 26. Rd6 Rb2 27. Rxc6 Rxc6 28. Qxc6 Qd3 29. Rg1 Rxf2 30. Qc5 Bd5 31. Nh4 Qe4 32. Nf3 Qxf3 33. e4 Qf4+ 34. Kh1 Bxe4 35. Qc8 h5 0-1

[Event "Titled Tuesday intern op 28th Jun Early"]
[Site "Chess.com INT"]
[Date "2022.06.28"]
[Round "1"]
[White "Perez Leiva, Jerzy Jesus"]
[Black "Beerdsen, Thomas"]
[Result "0-1"]
[WhiteElo "2389"]
[BlackElo "2494"]
[PlyCount "112"]
[EventDate "2022.06.28"]
[EventType "swiss (blitz)"]
[EventRounds "11"]
[EventCountry "USA"]
[SourceTitle "CBM 209 Extra"]
[Source "ChessBase"]
[SourceDate "2022.09.30"]
[SourceVersion "1"]
[SourceVersionDate "2022.09.30"]
[SourceQuality "1"]

1. e4 c5 2. Nf3 Nc6 3. Bb5 Na5 4. c3 a6 5. Ba4 b5 6. Bc2 Bb7 7. 0-0 Nf6 8. Re1 c4 9. b4 Nc6 10. e5 Nd5 11. Ng5 e6 12. d4 cxd3 13. Qf3 f5 14. exf6 Qxf6 15. Qxd3 0-0-0 16. Ne4 Qh4 17. Bg5 Qh5 18. Bxd8 Kxd8 19. Qg3 Qe5 20. Qxe5 Nxe5 21. Ng5 h6 22. Nxe6+ dxe6 23. Rxe5 Kd7 24. a4 Bd6 25. Re1 bxa4 26. Bxa4+ Kc7 27. Nd2 Rc8 28. Ne4 Be7 29. Rab1 Nf4 30. Rbd1 Kb8 31. Bd7 Rd8 32. f3 Bd5 33. g3 Ng6 34. Ba4 Ne5 35. Kg2 Rf8 36. f4 Nc4 37. Kf2 Nb2 38. Ra1 Nd3+ 39. Ke3 Nxe1 40. Rxe1 Rc8 41. Rc1 g5 42. Bd1 gxf4+ 43. gxf4 e5 44. Bf3 exf4+ 45. Kd4 Bb7 46. Ra1 Rd8+ 47. Ke5 Rf8 48. Nc5 Bxf3 49. Nd7+ Kc7 50. Nxf8 Bxf8 51. Kxf4 Be2 52. Re1 Bb5 53. Rg1 Kd6 54. Rg6+ Kd5 55. Rf6 Bg7 56. Rf7 Bxc3 0-1

[Event "Titled Tuesday intern op 21st Jun Late"]
[Site "Chess.com INT"]
[Date "2022.06.21"]
[Round "1"]
[White "Khismatullin, Denis Rimovich"]
[Black "Perez Leiva, Jerzy Jesus"]
[Result "1-0"]
[WhiteElo "2616"]
[BlackElo "2389"]
[PlyCount "69"]
[EventDate "2022.06.21"]
[EventType "swiss (blitz)"]
[EventRounds "11"]
[EventCountry "USA"]
[SourceTitle "EXT 2023"]
[Source "ChessBase"]
[SourceDate "2022.10.05"]
[SourceVersion "1"]
[SourceVersionDate "2022.10.05"]
[SourceQuality "1"]

1. Nf3 Nf6 2. d4 e6 3. c4 d5 4. Nc3 Bb4 5. cxd5 exd5 6. Bg5 h6 7. Bh4 0-0 8. Rc1 c6 9. e3 Bf5 10. Qb3 a5 11. a3 Bxc3+ 12. Rxc3 Ra7 13. Be2 Nbd7 14. Nd2 Re8 15. 0-0 a4 16. Qd1 Qa5 17. f3 Bg6 18. Re1 Re6 19. Bf1 Ra8 20. Bf2 Rae8 21. g4 Bh7 22. h4 b5 23. g5 Nh5 24. Bh3 R6e7 25. Rxc6 Nb8 26. Rc5 hxg5 27. Rxd5 Nf6 28. Rxg5 Qb6 29. e4 b4 30. d5 Qa6 31. axb4 Rb7 32. Bf1 Qd6 33. Nc4 Qxb4 34. e5 Nfd7 35. Bd4 1-0

[Event "Titled Tuesday intern op 21st Jun Early"]
[Site "Chess.com INT"]
[Date "2022.06.21"]
[Round "4"]
[White "Perez Leiva, Jerzy Jesus"]
[Black "Jaracz, Pawel"]
[Result "0-1"]
[WhiteElo "2389"]
[BlackElo "2467"]
[PlyCount "78"]
[EventDate "2022.06.21"]
[EventType "swiss (blitz)"]
[EventRounds "11"]
[EventCountry "USA"]
[SourceTitle "EXT 2023"]
[Source "ChessBase"]
[SourceDate "2022.10.05"]
[SourceVersion "1"]
[SourceVersionDate "2022.10.05"]
[SourceQuality "1"]

1. e4 c5 2. Nf3 e6 3. d4 cxd4 4. Nxd4 a6 5. c4 Nf6 6. Nc3 Bb4 7. Be2 Nxe4 8. 0-0 Bxc3 9. bxc3 Nxc3 10. Qd3 Nxe2+ 11. Nxe2 0-0 12. Ba3 Re8 13. Rab1 b5 14. Qf3 Nc6 15. Bd6 bxc4 16. Qg3 e5 17. Nc3 Re6 18. Rfd1 a5 19. Ne4 Nd4 20. Kh1 f6 21. f4 Ne2 22. Qf3 Nd4 23. Nxf6+ Rxf6 24. Qxa8 Rxd6 25. fxe5 Ra6 26. Qd5+ Ne6 27. Rb8 Qc7 28. Qb5 Rc6 29. Rd6 Kf7 30. Ra8 Rxd6 31. exd6 Qxd6 32. Qf5+ Ke7 33. Qf1 Bb7 34. Rxa5 c3 35. Rf5 Qd2 36. Rf7+ Kd6 37. Rf2 Qd4 38. Rc2 Be4 39. Rc1 c2 0-1

[Event "Titled Tuesday intern op 21st Jun Early"]
[Site "Chess.com INT"]
[Date "2022.06.21"]
[Round "11"]
[White "Perez Leiva, Jerzy Jesus"]
[Black "Jeet, Jain"]
[Result "1-0"]
[WhiteElo "2389"]
[BlackElo "2167"]
[PlyCount "49"]
[EventDate "2022.06.21"]
[EventType "swiss (blitz)"]
[EventRounds "11"]
[EventCountry "USA"]
[SourceTitle "EXT 2023"]
[Source "ChessBase"]
[SourceDate "2022.10.05"]
[SourceVersion "1"]
[SourceVersionDate "2022.10.05"]
[SourceQuality "1"]

1. e4 d6 2. d4 g6 3. Nc3 Bg7 4. Be3 a6 5. Qd2 b5 6. h4 h6 7. f3 e6 8. g4 Ne7 9. Nh3 Bb7 10. a3 Nd7 11. 0-0-0 Rc8 12. h5 g5 13. f4 gxf4 14. Nxf4 c5 15. Bxb5 cxd4 16. Bxd4 e5 17. Bf2 exf4 18. Bd4 Rg8 19. Bxg7 Rxg7 20. Bxd7+ Qxd7 21. Qxf4 Rxc3 22. bxc3 Rxg4 23. Qxh6 Qa4 24. Qxd6 Kf8 25. h6 1-0

[Event "Titled Tuesday intern op 21st Jun Early"]
[Site "Chess.com INT"]
[Date "2022.06.21"]
[Round "7"]
[White "Williams, Simon Kim"]
[Black "Perez Leiva, Jerzy Jesus"]
[Result "0-1"]
[WhiteElo "2467"]
[BlackElo "2389"]
[PlyCount "32"]
[EventDate "2022.06.21"]
[EventType "swiss (blitz)"]
[EventRounds "11"]
[EventCountry "USA"]
[SourceTitle "EXT 2023"]
[Source "ChessBase"]
[SourceDate "2022.10.05"]
[SourceVersion "1"]
[SourceVersionDate "2022.10.05"]
[SourceQuality "1"]

1. d4 Nf6 2. g4 d5 3. g5 Ne4 4. Nf3 c5 5. dxc5 Nc6 6. c4 Qa5+ 7. Nbd2 Qxc5 8. e3 Bg4 9. Be2 e6 10. a3 Be7 11. b4 Qb6 12. c5 Qc7 13. Bb2 0-0 14. Rg1 Bh5 15. Nd4 Qxh2 16. N2f3 Qxf2# 0-1

[Event "Titled Tuesday intern op 14th Jun Early"]
[Site "Chess.com INT"]
[Date "2022.06.14"]
[Round "1"]
[White "Perez Leiva, Jerzy Jesus"]
[Black "Samadov, Read"]
[Result "0-1"]
[WhiteElo "2389"]
[BlackElo "2442"]
[PlyCount "96"]
[EventDate "2022.06.14"]
[EventType "swiss (blitz)"]
[EventRounds "11"]
[EventCountry "USA"]
[SourceTitle "EXT 2023"]
[Source "ChessBase"]
[SourceDate "2022.10.05"]
[SourceVersion "1"]
[SourceVersionDate "2022.10.05"]
[SourceQuality "1"]

1. e4 c5 2. Nf3 d6 3. d4 cxd4 4. Nxd4 Nf6 5. Nc3 a6 6. Bg5 Nbd7 7. Bc4 Qb6 8. Bb3 e6 9. 0-0 Be7 10. Kh1 Nc5 11. Re1 h6 12. Bh4 0-0 13. Bg3 Bd7 14. Qd2 Rfd8 15. Rad1 Rac8 16. f3 Nxb3 17. axb3 Be8 18. Qe3 Qc5 19. Rd3 b5 20. Nce2 b4 21. c4 a5 22. Ra1 Ra8 23. Qd2 Nd7 24. Qd1 Ne5 25. Rd2 a4 26. f4 Ng4 27. Nc1 Nf6 28. Qe2 axb3 29. Rb1 Rac8 30. e5 dxe5 31. fxe5 Rxd4 32. exf6 Rxd2 33. Qxd2 Bxf6 34. Nxb3 Qxc4 35. Rc1 Qa6 36. Rxc8 Qxc8 37. Qxb4 Qc2 38. h3 Bc6 39. Nd2 Bxb2 40. Qb8+ Kh7 41. Qf4 e5 42. Qf2 Bd4 43. Qe2 f5 44. Bxe5 Qc1+ 45. Kh2 Qg1+ 46. Kg3 Bxe5+ 47. Qxe5 Qxg2+ 48. Kh4 Qg5# 0-1

[Event "Titled Tuesday intern op 14th Jun Early"]
[Site "Chess.com INT"]
[Date "2022.06.14"]
[Round "3"]
[White "Rozman, Levy"]
[Black "Perez Leiva, Jerzy Jesus"]
[Result "1-0"]
[WhiteElo "2333"]
[BlackElo "2389"]
[PlyCount "63"]
[EventDate "2022.06.14"]
[EventType "swiss (blitz)"]
[EventRounds "11"]
[EventCountry "USA"]
[SourceTitle "EXT 2023"]
[Source "ChessBase"]
[SourceDate "2022.10.05"]
[SourceVersion "1"]
[SourceVersionDate "2022.10.05"]
[SourceQuality "1"]

1. e4 e5 2. Nc3 Nf6 3. f4 d5 4. fxe5 Nxe4 5. Qf3 f5 6. d3 Nxc3 7. bxc3 Nc6 8. d4 Be6 9. Nh3 Qd7 10. Nf4 0-0-0 11. a4 Be7 12. Bd3 Rhf8 13. h4 g6 14. a5 a6 15. Ba3 Bxa3 16. Rxa3 Ne7 17. Kd2 h6 18. Rb1 g5 19. Rab3 gxf4 20. Rxb7 Qc6 21. Ra7 Kd7 22. Rxa6 Qxa6 23. Bxa6 Ra8 24. Qf1 Rg8 25. Qb5+ Kd8 26. Bb7 Rxg2+ 27. Kc1 Bd7 28. Qxd5 Nxd5 29. Bxa8 Rg1+ 30. Kb2 Ne3 31. Rxg1 f3 32. Bxf3 1-0